MARC

LEADER 00000nas a2200000 a 4500
001 ssj0001034048
003 WaSeSS
005 20200512172242.0
006 m d
007 cr n
008 030320c20019999bl fr p s 0 0por c
010 |a  2003240307 
016 7 |a 990099105  |2 DE-101 
016 7 |a 2446245-7  |2 DE-600 
016 7 |a 012459461  |2 Uk 
022 |l 1519-9452  |y 1519-9452 
035 |a (WaSeSS)ssj0001034048 
040 |a IXA  |b eng  |c IXA  |d HLS  |d DLC  |d OCLCQ  |d GBVCP  |d UKMGB  |d OCLCQ  |d OCLCF  |d OCLCO  |d ZAS  |d CUS  |d WaSeSS 
041 0 |a por  |b eng 
042 |a pcc 
043 |a s-bl--- 
050 0 0 |a F2520  |b .T45 
130 0 |a Tellus (Campo Grande, Mato Grosso do Sul, Brazil) 
222 0 |a Tellus  |b (Campo Grande, Impresso) 
245 1 0 |a Tellus  |h [electronic resource]. 
246 1 4 |a Revista tellus 
260 |a Campo Grande, MS :  |b Núcleo de Estudos e Pesquisas das Populações Indígenas, Universidade Católica Dom Bosco,  |c 2001- 
310 |a Semiannual 
362 0 |a Ano 1, no. 1 (out. 2001)- 
506 |a License restrictions may limit access. 
546 |a In Portuguese; abstracts in English and Portuguese. 
588 |a Latest issue consulted: Ano 2, no. 2 (abril 2002). 
650 0 |a Indians of South America  |z Brazil  |v Periodicals. 
650 0 |a Indians of South America  |v Periodicals. 
650 7 |a Indians of South America.  |2 fast  |0 (OCoLC)fst00969962 
651 7 |a Brazil.  |2 fast  |0 (OCoLC)fst01206830 
655 0 |a Electronic journals. 
710 2 |a Universidade Católica Dom Bosco.  |b Núcleo de Estudos e Pesquisas das Populações Indígenas. 
850 |a DLC  |a HLS  |a TxU 
853 2 0 |8 1  |a ano  |b no.  |u 2  |v r  |i (year)  |j (month)  |w f 
856 4 0 |z Full text available from Research Library: 01/01/2012 to present  |u https://search.proquest.com/publication/2029976 
863 4 1 |8 1.1  |a 1  |b 1  |i 2001  |j 10